Проектирование трансформаторов: учебное пособие; Ч. 2

Podrobná bibliografie
Hlavní autor: Балашов К. К.
Korporativní autor: Одесский политехнический институт
Další autoři: Пуйло Г. В.
Jazyk:ruština
Vydáno: Одесса, Изд-во Одесского политехн. института, 1975
Témata:
Médium: MixedMaterials Kniha
KOHA link:https://koha.lib.tpu.ru/cgi-bin/koha/opac-detail.pl?biblionumber=144242

MARC

LEADER 00000nam0a2200000 4500
001 144242
005 20231101221102.0
035 |a (RuTPU)RU\TPU\book\156325 
090 |a 144242 
100 |a 20080930d1975 m y0rusy50 ca 
101 0 |a rus 
102 |a UA 
105 |a a j 001zy 
200 1 |a Проектирование трансформаторов  |e учебное пособие  |h Ч. 2  |f К. К. Балашов, Г. В. Пуйло  |g Одесский политехнический институт 
210 |a Одесса  |c Изд-во Одесского политехн. института  |d 1975 
215 |a 141 с.  |c ил. 
320 |a Библиогр.: с. 140-141. 
610 1 |a проектирование 
610 1 |a трансформаторы 
610 1 |a учебные пособия 
675 |a 621.314.2.001.2(075.8)  |v 3 
700 1 |a Балашов  |b К. К. 
701 1 |a Пуйло  |b Г. В. 
712 0 2 |a Одесский политехнический институт  |2 stltpush  |3 (RuTPU)RU\TPU\col\13993  |9 25846 
801 1 |a RU  |b 63413507  |c 20080930  |g PSBO 
801 2 |a RU  |b 63413507  |c 20090304  |g PSBO 
942 |c BK